00365nam a2200145Ia 4500003000400000008004100004040001600045082001300061100001700074245005000091260003200141300000900173650001500182650002200197GCL140319s9999 xx 000 0 eng d aGCL / cGCL04a843bV T1 aVERNE, JULES10aLE TOUR DU MONDE EN 80 JOURS / cVERNE, JULES a[S.N] : bLE LIVRE DE POCHE a33 P04aLITERATURE04aFRENCH LITERATURE